[Event "Riga zt"]
[Site "Riga"]
[Date "1995.??.??"]
[Round "10"]
[White "Ehlvest, Jaan"]
[Black "Kaunas, Kestutis"]
[Result "1-0"]
[WhiteElo "2615"]
[BlackElo "2415"]
[Annotator "Chekhov,V"]
[PlyCount "113"]
[EventDate "1995.03.??"]
[EventType "tourn"]
[EventRounds "13"]
[EventCountry "LAT"]
[EventCategory "10"]
[SourceTitle "CBM 047"]
[Source "ChessBase"]
[SourceDate "1995.08.01"]
[SourceVersion "1"]
[SourceVersionDate "1995.08.01"]
[SourceQuality "1"]

1. d4 Nf6 2. c4 e6 3. Nc3 Bb4 4. Nf3 c5 5. g3 b5 $5 {N/} (5... b6 6. Bg2 Bb7 7.
O-O Bxc3 8. bxc3 d6 9. d5 e5 10. Nh4 O-O 11. e4 $14 (11. Bg5 $5 h6 12. Bc1 $14
{Georgadze,T/})) (5... Ne4 6. Qd3 d5 7. dxc5 Qf6 8. cxd5 Nxc3 9. a3 Nxd5+ 10.
axb4 Nxb4 11. Qb3 N8c6 12. Bd2 a5 13. Bg2 e5 14. Bxb4 $1 Nxb4 15. Qa4+ Ke7 16.
O-O $10) (5... O-O 6. Bg2 cxd4 7. Nxd4 d5 8. cxd5 Nxd5 9. Bd2 Bxc3 (9... Nxc3
10. bxc3 Be7 11. Rb1 Qd7 $5) 10. bxc3 e5 11. Nb5 Nc6 12. O-O Be6 13. Bc1 a6 14.
c4 Nb6 15. Nd6 Nxc4 16. Nxb7 Qb6 $13 {Piket,J-Korchnoi,V/Nijmegen(m/2)/1993/0,
5/27/ Inf 57/524/}) 6. cxb5 a6 7. bxa6 Ne4 8. Bd2 (8. Qc2 $5 d5 9. Bg2 Nc6 10.
O-O) 8... Bxc3 9. Bxc3 d5 10. Bg2 O-O 11. Rc1 (11. O-O $5) 11... Nxc3 12. Rxc3
cxd4 13. Nxd4 Rxa6 14. a3 e5 15. Nf3 d4 16. Rc1 Nc6 $44 17. Nd2 (17. b4 $5 {
/\17...e4 18.Nd2(b5? Qa5)e3 19.b5+/=/}) 17... Ne7 18. O-O Be6 (18... Bg4 $5)
19. Ne4 Bd5 20. Nc5 (20. Qd3 Qa8 $1) 20... Bxg2 21. Kxg2 Rh6 (21... Qd5+ $2 22.
e4 $1 $18) 22. Qd3 Nd5 $6 (22... Qc8 $5 23. h4 Ng6 $1 $14) 23. Qf5 Qa8 24. Qf3
(24. Kg1 $2 Nf4 $1 25. gxf4 Rg6+) 24... Re8 (24... f5 $5) 25. Rfd1 f5 (25... e4
26. Nxe4 Rxe4 27. Qxe4 Ne3+ 28. Kg1 $1 Qxe4 29. Rc8+ $18) 26. e4 $1 fxe4 27.
Qxe4 Kh8 28. Kg1 Qd8 29. Re1 Nf6 (29... Rb6 $5 30. b4 Nc3 31. Qd3 {/\Ne4/}) 30.
Qf3 Rg6 31. b4 h6 32. b5 Qa5 $6 (32... Rg4 $5) 33. a4 Rg4 34. Nd7 $1 $18 e4 35.
Qd1 $1 (35. Nxf6 $1 exf3 36. Rxe8#) 35... Nxd7 36. Qxg4 Nf6 37. Qd1 d3 38. Rf1
(38. Rc4 $1) 38... Ra8 $2 (38... Nd7 $1 {/\Ne5/}) 39. Rc4 Re8 40. Qb3 Qb6 $6 (
40... Ng4 $1) 41. Rc6 Qd4 42. Qc3 $18 Qd7 43. Rc7 Qg4 {/\Nd5/} 44. Qd4 Nh5 45.
Qd7 Re6 46. f3 $1 Qg6 (46... exf3 47. Qd8+ Kh7 48. Qxd3+ {/\Qf3+-/}) 47. Rc8+
Kh7 48. Qd8 Qf7 49. fxe4 Qa7+ 50. Kg2 Nf6 51. Qxd3 Qb7 52. Rc4 (52. Rc6 $1 $18)
52... Ng4 53. Rd4 h5 54. Rd7 Qa8 55. Rd5 Kg6 56. h3 Ne5 57. Rxe5 1-0

[Event "RUS-Cup2"]
[Site "Moscow"]
[Date "1996.??.??"]
[Round "9"]
[White "Moskalenko, Viktor"]
[Black "Kiselev, Sergey"]
[Result "0-1"]
[WhiteElo "2470"]
[BlackElo "2545"]
[Annotator "Chekhov,V"]
[PlyCount "86"]
[EventDate "1996.11.28"]
[EventType "swiss"]
[EventRounds "9"]
[EventCountry "RUS"]
[SourceTitle "CBM 056 Extra"]
[Source "ChessBase"]
[SourceDate "1997.03.01"]
[SourceVersion "1"]
[SourceVersionDate "1997.03.01"]
[SourceQuality "1"]

1. d4 Nf6 2. c4 e6 3. Nc3 Bb4 4. f3 c5 5. d5 d6 6. e4 O-O 7. Bd3 b5 8. Nge2
Nbd7 $5 {N/} (8... Qb6 $5 9. O-O Bxc3 10. Nxc3 exd5 11. Nxb5 a6 12. Nc3 dxc4
13. Bxc4 Be6 14. b3 Nbd7 15. Bg5 Bxc4 16. bxc4 Qb4 $132 {Moskalenko,V-Kiselev,
S/Belgorod/1990/0|1/36/}) (8... bxc4 9. Bxc4 Ba6 (9... exd5 $6 10. Bxd5 Nxd5
11. Qxd5 Qb6 12. Kf2 Nc6 13. Be3 Ba6 14. Rhd1 Rad8 15. Qb3 $16 {Huzman,
A-Zolnierowicz,K/Baku/1988/1|0/38/}) 10. Bxa6 Nxa6 11. O-O Nc7 12. Bg5 Bxc3 13.
Nxc3 exd5 14. exd5 h6 15. Bh4 Rb8 16. Rb1 Rb4 17. f4 $14 {Milos,G-Sunye Neto,J/
Porto Velho/1988/0,5/27/}) (8... exd5 $5 9. cxd5 c4 10. Bc2 Bc5 11. Nxb5 Qa5+
12. Nbc3 Na6 13. Nd4 Nb4 14. Be3 Re8 15. Kf2 Rb8 16. Re1 Nd3+ $1 17. Bxd3 Rxb2+
18. Re2 Qxc3 19. Rc1 Qa3 20. Bxc4 Rxe2+ 21. Kxe2 Rxe4 $1 $17 {Shishkin,
V-Arkhipov,S/Moscow/1996/0|1/27/}) 9. dxe6 fxe6 10. cxb5 Ne5 11. Bf4 (11. Bc2
d5 12. exd5 exd5 13. O-O d4 14. Ne4 d3 15. Nxf6+ gxf6 $19) 11... Nxd3+ 12. Qxd3
d5 13. exd5 (13. O-O d4 14. Nd1 a6 $36) 13... exd5 14. O-O d4 15. Ne4 Nxe4 16.
fxe4 (16. Qxe4 $6 Bf5 17. Qc6 (17. Qe5 Bd3 $17) 17... Bd3 18. Rf2 Bxe2 19. Rxe2
Rxf4 $19) 16... Be6 17. b3 (17. a3 Ba5 18. b4 cxb4 19. axb4 Bb6 $146) 17... Rc8
18. Rac1 Ba3 19. Rcd1 (19. Rc2 Qf6 $1 $146) 19... c4 20. Qxd4 Bc5 21. Qxc5 Rxc5
22. Rxd8 Rxd8 23. Be3 Rxb5 24. Nd4 Rb6 (24... Re5 $2 25. Nc6 Rxe4 26. Nxd8 Rxe3
27. Nxe6 Rxe6 28. bxc4 $16) 25. bxc4 Bxc4 26. Rc1 Rc8 27. Nf5 Re6 28. Bxa7 g6
29. Ng3 Ra6 30. Bd4 Rxa2 $17 31. h4 Be6 32. Rxc8+ Bxc8 33. h5 g5 34. Bf6 Ra5
35. Kf2 Kf7 36. e5 Ra2+ 37. Ke3 (37. Kf1 Ba6+ 38. Kg1 Bb7 $19) 37... h6 38. Ne4
Bg4 39. Nd6+ Kg8 (39... Ke6 40. Bg7 Bxh5 41. Bxh6 Rxg2 42. Ne4 g4 43. Bf4 Bg6
$19) 40. g3 Bxh5 41. Nf5 Kh7 42. Kd4 Bg4 43. Ne7 Ra3 0-1

[Event "Belgrade Trako"]
[Site "Belgrade"]
[Date "1995.??.??"]
[Round "9"]
[White "Komarov, Dimitri"]
[Black "Arsovic, Zoran"]
[Result "1-0"]
[WhiteElo "2575"]
[BlackElo "2430"]
[Annotator "ChessBase"]
[PlyCount "36"]
[EventDate "1995.03.??"]
[EventType "tourn"]
[EventRounds "13"]
[EventCountry "YUG"]
[EventCategory "9"]
[SourceTitle "CBM 047 Extra"]
[Source "ChessBase"]
[SourceDate "1995.09.01"]
[SourceVersion "1"]
[SourceVersionDate "1995.09.01"]
[SourceQuality "1"]

1. d4 Nf6 2. c4 e6 3. Nc3 Bb4 4. Nf3 c5 5. g3 b6 6. Bg2 Bb7 7. O-O cxd4 8. Qxd4
O-O 9. b3 Na6 10. Bb2 Nc5 11. Rad1 d6 12. Nb5 Nce4 13. Ng5 Bc5 14. Qd3 d5 15.
Nxe4 Nxe4 16. cxd5 exd5 17. b4 Be7 18. Bxe4 dxe4 (18... dxe4 19. Qc3 Bf6 20.
Rxd8 Bxc3 21. Rxf8+ Kxf8 22. Bxc3 $18) 1-0

[Event "Yerevan"]
[Site "Yerevan"]
[Date "1976.03.20"]
[Round "2"]
[White "Romanishin, Oleg M"]
[Black "Ornstein, Axel"]
[Result "1-0"]
[WhiteElo "2560"]
[BlackElo "2470"]
[Annotator "ChessBase"]
[PlyCount "63"]
[EventDate "1976.03.19"]
[EventType "tourn"]
[EventRounds "15"]
[EventCountry "URS"]
[SourceTitle "EXT 1999"]
[Source "ChessBase"]
[SourceDate "1998.11.16"]
[SourceVersion "1"]
[SourceVersionDate "1998.11.16"]
[SourceQuality "1"]

1. d4 Nf6 2. c4 e6 3. Nc3 Bb4 4. g3 c5 5. Nf3 cxd4 6. Nxd4 Ne4 7. Qd3 Qa5 8.
Nc2 Nxc3 (8... Bxc3+ 9. bxc3 Nc5 10. Qd4) 9. Nxb4 Nxa2 10. Rxa2 Qxb4+ 11. Bd2
Qe7 12. Bc3 e5 13. Bg2 O-O 14. O-O Nc6 15. Ra4 d6 16. b4 a6 17. b5 Nd4 18. Bxd4
exd4 19. Qxd4 Qxe2 20. Qxd6 Be6 21. bxa6 Rxa6 22. Rxa6 bxa6 23. c5 Qc2 (23...
a5 24. c6 Qb2 25. c7 a4 26. Bd5 Bc8 27. Re1 a3 28. Qf4 Qb5 29. Rd1 Qc5 30. Bc4
g6 31. Rd8 Kg7 32. h4 $16) 24. c6 a5 25. Re1 (25. Qd4 a4 26. Be4 Qc4 27. Qxc4
Bxc4 28. Rc1 Be6 29. c7 a3 30. Bd5 Rc8 31. Bb7 Re8 32. c8=Q Bxc8 33. Bxc8 g6
34. Ba6 Ra8 35. Bc4 $18) 25... a4 26. Be4 (26. c7) 26... Qc3 27. Re3 Qa1+ $2 (
27... Qc1+ $142 28. Kg2 Rc8) 28. Kg2 Qf6 29. Qb4 Qa1 $2 30. c7 g6 $2 (30... Qc1
) 31. Bb7 Qa2 32. Rd3 $18 (32. Rxe6 Qxe6 33. Qxa4 Kg7 34. Qd4+ Qf6 35. Qc5 $18)
1-0

[Event "Candidates sf2"]
[Site "London"]
[Date "1989.10.03"]
[Round "2"]
[White "Speelman, Jonathan S"]
[Black "Timman, Jan H"]
[Result "0-1"]
[WhiteElo "2615"]
[BlackElo "2635"]
[Annotator "ChessBase"]
[PlyCount "62"]
[EventDate "1989.10.??"]
[EventType "match"]
[EventRounds "8"]
[EventCountry "ENG"]
[SourceTitle "Candidates"]
[Source "ChessBase"]
[SourceDate "1999.07.01"]
[SourceVersion "2"]
[SourceVersionDate "1999.07.01"]
[SourceQuality "1"]

1. Nf3 Nf6 2. c4 c5 3. d4 cxd4 4. Nxd4 e6 5. g3 Bb4+ 6. Nc3 O-O 7. Bg2 d5 8.
O-O dxc4 9. Bg5 $6 {9.Nc2, 9.Qa4} h6 10. Bxf6 Qxf6 11. Ndb5 (11. Ne4 Qe7 12.
Qc2 e5 $15) 11... Nc6 12. Qa4 Qe5 $1 13. Rad1 (13. Bxc6 bxc6 14. Qxb4 cxb5 15.
a4 $1 $15 (15. Qxb5 $6 Qxb5 16. Nxb5 Rb8 $1 $17)) 13... a6 14. e3 Bd7 $1 $17
15. Rxd7 axb5 16. Qxb5 $2 (16. Qc2 $15) 16... Bxc3 17. Rxb7 Qxb5 18. Rxb5 Na7
19. Rc5 (19. Rb6 Nc8 20. Rb5 Ra5 $1 $19) 19... Bb4 20. Rxc4 (20. Rc7 Ba5 21.
Rd7 Rfd8 22. Rfd1 Rab8 $19) 20... Rab8 21. Rd1 Nc8 22. a3 Be7 23. b4 Nb6 24.
Rc7 Rfd8 25. Rxd8+ Bxd8 26. Ra7 Kf8 27. Bc6 Nc4 28. Kf1 Bb6 29. Ra6 Ke7 30. Bb5
Nd6 31. Bd3 Ne8 0-1

[Event "RUS-ch"]
[Site "Elista"]
[Date "1995.??.??"]
[Round "11"]
[White "Zvjaginsev, Vadim"]
[Black "Bareev, Evgeny"]
[Result "1/2-1/2"]
[WhiteElo "2600"]
[BlackElo "2650"]
[Annotator "Dautov,R"]
[PlyCount "51"]
[EventDate "1995.10.??"]
[EventType "swiss"]
[EventRounds "11"]
[EventCountry "RUS"]
[SourceTitle "CBM 050"]
[Source "ChessBase"]
[SourceDate "1996.02.01"]
[SourceVersion "1"]
[SourceVersionDate "1996.02.01"]
[SourceQuality "1"]

1. d4 Nf6 2. c4 e6 3. Nc3 Bb4 4. Nf3 c5 5. g3 O-O 6. Bg2 cxd4 7. Nxd4 d5 8.
cxd5 Nxd5 9. Qb3 Nc6 (9... Qb6 10. Bxd5 Qxd4 11. Bg2) (9... Na6 10. O-O Nxc3
11. bxc3 Be7 12. Rd1) 10. Nxc6 bxc6 11. O-O Rb8 (11... Qa5 $5 12. Ne4 (12. Bd2
Bxc3 $1 13. bxc3 $6 (13. Bxc3 Nxc3 $10) 13... Ba6 14. Rfd1 Rab8 15. c4 Qc5 16.
cxd5 Rxb3 17. axb3 Bxe2 18. Rdc1 Qd6 $1 19. Be3 cxd5 20. Bc5 Qb8 21. Bxf8 Kxf8
22. Rc2 Bb5 $17 {Nielsen,PH-Emms,J/Copenhagen BSF (07) ;CBM 46/ 1995}) 12...
Ba6 13. Qc2 Be7 14. Bd2 Qb5 15. Rfc1 Rab8 16. Qxc6 Qxc6 17. Rxc6 Bxe2 18. Nc3
Rxb2 19. Bc1 Bb5 20. Nxd5 exd5 21. Bxb2 Bxc6 22. Rc1 $10 {Sulava,N-Grosar,A/
JUG-ch (03)/ 1991}) 12. Na4 {N} (12. e4 Nxc3 13. bxc3 Bd6 14. Qa4 Qc7 15. Be3
c5 16. Rfd1 Bd7 $10 {Zvjaginsev,V-Romanov,O/URS-chJ Alma-Ata/ 1991}) 12... Ba6
13. Qc2 Bd6 {/\Nb4} 14. a3 (14. Rd1 $5 Nb4 (14... Qa5 15. Bd2 Qb5 16. e4 Nb4
17. Bxb4 Bxb4 18. Bf1 Qb7 19. Bxa6 Qxa6 20. Rac1 $14) (14... Qe7 $142 $1) 15.
Qe4 $1 (15. Qd2 $2 Qa5 $1 16. b3 (16. Qxd6 $4 Rfd8 $19) (16. Nc3 Rfd8 17. Qg5
Qxg5 18. Bxg5 f6 19. Bd2 Be5 $15) 16... Rfd8 17. Ba3 Bb5 $15) 15... Nd5 (15...
Qe7 16. Rxd6 $1 Qxd6 17. Bf4 Qd5 18. Bxb8 Qxe4 19. Bxe4 Rxb8 20. a3 Nd5 21. Bf3
$14) 16. Bd2 Qc7 17. Rac1 $14) 14... Qe7 15. Re1 Bb5 16. e4 Nb6 $10 17. e5 (17.
Nxb6 axb6 18. a4 (18. e5 Bc5 19. a4 (19. b4 Bd4 20. Bb2 Bxb2 21. Qxb2 c5 $10)
19... Ba6 20. Bxc6 Rfc8 21. Qe4 (21. Be4 $2 Bb4 $19) 21... Bxf2+ 22. Kxf2 Qc5+
23. Be3 Qxc6 $10) 18... Ba6 $10 19. Qxc6 $4 Rfc8 $19) (17. Nc3 Be5 18. f4 Bd4+
19. Be3 Bxe3+ 20. Rxe3 Nc4 (20... Qc5 21. Qf2 $10) 21. Ree1 Rfd8 22. Rad1 Ba6
$1 23. Rxd8+ Qxd8 $15) 17... Bc7 18. Nc3 (18. Nc5 Nc4 19. Nd3 Rfd8 20. b3 Nb6
21. Nc5 Nd7 (21... Nc4 $2 22. Bg5 $1 Qxg5 23. bxc4 Bxe5 24. Rad1 $16) 22. Nxd7
Rxd7 23. Be4 Kh8 24. Bb2 Rbd8 25. Rad1 Bb6 $10) 18... Rfd8 19. Nxb5 cxb5 20.
Be3 (20. Bg5 Qxg5 21. Qxc7 Qd2 22. Qxa7 (22. b4 a6 23. Qa7 Qb2 24. Qxa6 Nc4 $10
) 22... Qxb2 23. Rab1 Qc3 $10) 20... a6 21. Rac1 Nc4 22. b3 Nxe3 23. Qxc7 Qxc7
24. Rxc7 Nxg2 25. Kxg2 Rd3 26. Rec1 (26. Rec1 g6 27. Rc8+ Rxc8 28. Rxc8+ Kg7
29. Ra8 Rxb3 30. Rxa6 $10) 1/2-1/2

[Event "Tilburg"]
[Site "Tilburg"]
[Date "1994.??.??"]
[Round "1"]
[White "Zvjaginsev, Vadim"]
[Black "Olafsson, Helgi"]
[Result "0-1"]
[WhiteElo "2585"]
[BlackElo "2520"]
[Annotator "Dautov,R"]
[PlyCount "60"]
[EventDate "1994.09.??"]
[EventType "k.o."]
[EventRounds "7"]
[EventCountry "NED"]
[SourceTitle "CBM 044"]
[Source "ChessBase"]
[SourceDate "1995.02.01"]
[SourceVersion "1"]
[SourceVersionDate "1995.02.01"]
[SourceQuality "1"]

1. d4 Nf6 2. c4 e6 3. Nc3 Bb4 4. Nf3 c5 5. g3 O-O 6. Bg2 cxd4 7. Nxd4 d5 8.
cxd5 Nxd5 9. Qb3 Qb6 10. Bxd5 Qxd4 $1 (10... exd5 11. Be3 Qa5 12. Rc1 Nc6 13.
O-O Nxd4 14. Bxd4 Bh3 15. Rfd1 Bxc3 16. Rxc3 $14 Qa6 $4 17. g4 Bxg4 18. Rg3 $18
{Zvjaginsev-Almasi/Altensteig/1994}) 11. Bg2 Nc6 12. O-O (12. Be3 $5 Bxc3+ (
12... Qe5 13. Rc1 $14) 13. bxc3 Qg4 $5 (13... Qe5 14. Rd1 Qc7 15. O-O e5 (15...
Bd7 16. Bc5 Rfd8 17. Bd6 Qc8 18. c4 Na5 19. Qb4 $14) 16. Bc5 Be6 17. Qa3 Rfd8
18. Bd6 Qd7 $10) 14. Rd1 e5 15. h3 Qh5 16. Rd6 e4 17. Bxe4 (17. Rd5 $5 Qg6 18.
c4 Be6 19. Rg5 Qf6 $13) 17... Qe5 18. Qd5 Qxc3+ 19. Kf1 Be6 20. Qh5 g6 21. Qb5
$13) 12... Na5 $1 13. Qc2 Bxc3 14. bxc3 Qc5 15. Rd1 (15. Be3 $5 Qc7 16. c4 Bd7
(16... Nxc4 $4 17. Rac1 $18) (16... Qxc4 17. Rfc1 Qxc2 18. Rxc2 $44) 17. c5 Bc6
$10) 15... Nc4 $1 {ץc1} 16. Qe4 {/\Rd4} (16. Rb1 Rb8 {/\b6}) 16... e5 17. Qh4
(17. Qd5 $5 Qc7 18. Rb1 Rb8 19. Rb4 Be6 20. Rxb7 Rxb7 21. Qxb7 Qxb7 22. Bxb7
Rb8 23. Bd5 Rd8 24. e4 Kf8 $44) 17... Be6 $1 (17... Rb8 18. Bg5 $1 f6 (18...
Re8 19. Rd5 Qc7 20. Bd8 Qc6 21. Rxe5 $16) 19. Bd5+ Kh8 20. Qxc4 (20. Be4 $2
Qxf2+ $1) 20... Qxc4 21. Bxc4 fxg5 22. Rab1 $14) 18. Bxb7 Rab8 $44 19. Be4 (19.
Bg2 f6) 19... f5 20. Bc2 (20. Bd3 h6 (20... Nb2 21. Bxb2 Rxb2 22. a4 e4 23. Bb5
Qxc3 24. Qe7 $14) 21. Bxc4 Qxc4 22. Qxc4 Bxc4 $10) 20... h6 21. Bb3 (21. Bxh6
$5 gxh6 22. Qxh6 Qe7 23. Qg6+ Kh8 24. Qh6+ $10) 21... Rf6 22. Rd3 $2 (22. Bxc4
Qxc4 23. Qxc4 Bxc4 24. Be3 $10) 22... a5 23. Be3 Qc6 24. Rad1 a4 $17 25. Bc2 (
25. Bxc4 Bxc4 26. Rd8+ Rxd8 27. Rxd8+ Kh7 28. Rd2 f4 29. Ba7 Qc7 $19) 25... Rb2
26. Bb1 Nxe3 $1 27. Rxe3 e4 {ץb1} 28. a3 Qb7 29. Bxe4 fxe4 30. Rxe4 $2 (30.
Qxe4 {>=} Qxe4 31. Rxe4 Ra2 32. Rxa4 Rxe2 33. f4 Bh3 $19) 30... g5 0-1

[Event "Belgrade Investbank"]
[Site "Belgrade"]
[Date "1995.??.??"]
[Round "6"]
[White "Beliavsky, Alexander G"]
[Black "Ivanchuk, Vassily"]
[Result "0-1"]
[WhiteElo "2650"]
[BlackElo "2740"]
[Annotator "Dautov,R"]
[PlyCount "58"]
[EventDate "1995.11.??"]
[EventType "tourn"]
[EventRounds "11"]
[EventCountry "YUG"]
[EventCategory "17"]
[SourceTitle "CBM 051"]
[Source "ChessBase"]
[SourceDate "1996.04.01"]
[SourceVersion "1"]
[SourceVersionDate "1996.04.01"]
[SourceQuality "1"]

1. d4 {Ftacnik} Nf6 2. c4 e6 3. g3 c5 4. Nf3 cxd4 5. Nxd4 Bb4+ 6. Nc3 O-O 7.
Bg2 d5 8. cxd5 Nxd5 9. Qb3 {Ftacnik: An important line for this opening.
Equalizing for black is far from an easy task.} Qa5 $1 {N} (9... Qb6 10. Bxd5
exd5 11. Be3 Nc6 12. Rd1 Qa5 13. O-O Bh3 14. Rfe1 Rac8 15. Rc1 Ne5 16. Ndb5 Be6
17. Nd4 Nc4 $10 {Beliavsky,A-Timman,J/Belgrade (02) ;CBM 51 1995}) (9... Nc6
10. Nxc6 bxc6 11. O-O Rb8 12. Na4 Ba6 13. Qc2 Bd6 {/\Nb4} 14. a3 Qe7 15. Re1
Bb5 16. e4 Nb6 $10 {Zvjaginsev,V-Bareev,E/RUS-ch Elista (11) ;CBM 50 1995}) (
9... Na6 {cf. Survey CBM 51 by Ftacnik}) 10. Bd2 (10. Bxd5 exd5 11. O-O (11.
Bd2 Nc6 12. Nc2 Be6 $10) 11... Nc6 12. Be3 Bxc3 13. bxc3 $10) 10... Nc6 11. Nc2
$6 (11. Nxc6 $5 {Ftacnik: This continuation is probably more ambitious} bxc6
12. O-O Bxc3 (12... Rb8 $2 13. Nxd5 cxd5 14. a3 Bd6 15. Qxb8 $18) 13. Bxc3 (13.
bxc3 $5 {Ftacnik Nielsen,PH-Savon,V/Pardubice op/1995/}) 13... Nxc3 14. bxc3
Ba6 $10) 11... Bxc3 12. bxc3 (12. Bxc3 {Ftacnik} Nxc3 13. bxc3 Qc7 $10) 12...
Qc7 {/\Na5} 13. Qa3 $2 (13. Bxd5 Na5 (13... exd5 {Ftacnik} 14. Qxd5 Rd8 $132)
14. Qb5 Bd7 15. Qb4 exd5 16. Bf4 Qd8 $10) 13... Ne5 14. Bxd5 (14. Nb4 {Ftacnik}
Nc4 15. Nxd5 exd5 16. Qc1 Qc5 $10) 14... exd5 15. Bf4 f6 16. O-O Qf7 $15 17.
Ne3 $2 {Ftacnik: An inacuracy, that can be punished with active play.} (17.
Rfd1 {Ftacnik} Bg4 18. Nd4) 17... Bh3 18. Rfd1 (18. Ng2 {Ftacnik} Rfe8 $15)
18... g5 $1 $17 19. Bxe5 fxe5 $40 20. f3 e4 {Ftacnik: All of sudden Beliavsky
has to be concerned for the safety of his own K.} 21. Qc5 (21. Rxd5 exf3 (21...
h6 {Ftacnik} 22. Rd2 exf3 23. exf3 Qxf3 $17) 22. Rxg5+ Kh8 23. exf3 h6 $1 (
23... Qxf3 24. Qc5 Qf2+ 25. Kh1 Qf3+ $10) 24. Re5 (24. Rd5 Qxf3 25. Qc5 Rae8
26. Rh5 Kh7 27. Rxh3 Rxe3 $19) 24... Qxf3 25. Qb2 (25. Qc5 Rad8 $19 {/\Rd1})
25... Rad8 26. Re1 (26. Qc2 Rde8 27. Rxe8 Rxe8 28. Nc4 Re2 $19) 26... Rd1 $3
27. Rxd1 Qxd1+ 28. Nxd1 Rf1#) 21... exf3 22. exf3 Rae8 $1 23. Rxd5 (23. Qxd5
Qxd5 24. Nxd5 Rxf3 (24... Re2 25. f4 h6 $17) 25. Re1 (25. Rab1 b6 $17) 25...
Ref8 $17) 23... h6 {Ftacnik: This calm move shows, that danger for white's
monarch is systematic and the power of the counterplay only limited.} 24. Re5 (
24. Rd2 Qxf3 25. Qd5+ Rf7 26. Qxf3 Rxf3 27. Nd5 Ref8 28. Rdd1 h5 $17 {/\h4} (
28... Rf2 $2 29. Nf4 $14)) (24. Rd3 {Ftacnik} Qxf3 25. Qd5+ Qxd5 26. Nxd5 Re2
$19) 24... Qxf3 $19 25. Qc4+ Kg7 26. Rxe8 (26. Qb5 Rxe5 27. Qxe5+ Kh7 28. Qd4
Re8 29. Qd3+ Kg7 30. Qd4+ Kg6 31. Qd3+ Re4 32. Re1 Kh5 33. Qe2 Rxe3 $19) (26.
Qd4 {Ftacnik} Qf2+ 27. Kh1 Bg2+ $3 28. Nxg2 Qf1+ 29. Rxf1 Rxf1+ 30. Qg1 Rxg1+
31. Kxg1 Rxe5 $19) 26... Rxe8 27. Qd4+ Kg6 (27... Kg8 {Ftacnik} 28. Qc4+ Be6
29. Qd4) 28. Qd3+ Re4 (28... Kh5 {Ftacnik} 29. g4+ Bxg4 30. Re1 Bh3 $19) 29.
Re1 Kh5 (29... Kh5 $1 {Ftacnik} 30. Qd2 Rxe3 $19) 0-1